Existence of equilibrium in an infinite-dimensional Riesz space

Salvato in:
Dettagli Bibliografici
Autore principale: Mahta, Ghanshyam
Natura: Libro
Lingua:inglese
Pubblicazione: St. Lucia University 1985
Serie:Working Paper no. 50
Tags: Aggiungi Tag
Nessun Tag, puoi essere il primo ad aggiungerne!!

MARC

LEADER 00000nam a2200000 4500
001 c110593
005 20181203150316.9
041 0 |a eng 
044 |a MX 
245 1 0 |a Existence of equilibrium in an infinite-dimensional Riesz space  |c Ghanshyam Mahta 
264 1 |a St. Lucia  |b University  |c 1985 
300 |a 8 s. 
490 1 |a Working Paper  |v no. 50 
830 0 |a Working Paper  |v no. 50 
100 1 |a Mahta, Ghanshyam